000 00709nam a2200265Ia 4500
003 OSt
005 20221006160209.0
006 a|||||r|||| 00| 0
007 ta
008 221006b |||||||| |||| 00| 0 eng d
020 _a9780307593917
_c
_14.95 (each)
024 _a44,590
037 _bGift,
_cTextual
040 _aEASL
_cEASL
_beng
041 _2eng
_aeng
082 _aO495,3N63, Q1
100 _aShin Kyung-sook
_9672359
245 0 _aPlease look after mom
_b A novel
260 _aNew York
_bAlfred A. Knopf
_c2011
300 _a237p.
_ccm.
490 _v KEL
650 _aKEL
942 _hO495,3N63, Q1
_cTEXL
_2CC
999 _c1112682
_d1112682